[Event "25th Abu Dhabi Master 2018"]
[Site "Abu Dhabi"]
[Date "2018.08.08"]
[Round "2"]
[White "Petrosian, Tigran L"]
[Black "Koustav, Chatterjee"]
[Result "1-0"]
[WhiteElo "2610"]
[BlackElo "2325"]
[Annotator "TA"]
[PlyCount "83"]
[EventDate "2018.08.05"]
[EventType "swiss"]
[EventCountry "UAE"]
[SourceTitle "playchess.com"]
[Source "ChessBase"]
[SourceQuality "1"]

{[%evp 28,83,-55,-69,-49,-81,-48,-63,-70,-144,-122,-127,-123,-120,-120,-146,-68,-72,-73,-89,-92,-91,-60,-71,-15,-28,-49,-106,-100,-79,-94,-266,-56,-72,7,0,318,324,429,452,481,474,885,795,1130,1131,1103,1075,1463,677,671,667,29989,29990,29992,29993,29994,29995]} 1. Nf3 Nf6 2. g3 d5 3. Bg2 e6 4. O-O Be7 5. d3 O-O 6. Nbd2 c5 7. e4 Nc6 8. Re1 b5 9. e5 Nd7 10. Nf1 Bb7 11. h4 Qc7 12. Bf4 Rfc8 {C00: French: Unusual White 2nd moves} 13. N1h2 (13. Ne3 Qd8 14. Ng4 Bf8 15. Bg5 Qe8 16. c3 h6 17. Bf4 a5 18. Qd2 b4 19. c4 Ne7 20. h5 {1-0 (59) Kuzubov,Y (2699)-Grischuk,A (2772) Riadh 2017}) 13... Qd8 14. h5 h6 15. Qd2 {LiveBook: 4 Games} a5 16. g4 a4 $146 ({Predecessor:} 16... Ra6 17. c3 a4 18. a3 {1-0 (42) Gukesh,D (2323)-Lokesh,N (2181) Puchong 2017}) 17. a3 b4 18. c3 ({White should play} 18. g5 $15) 18... bxc3 19. bxc3 Na5 20. Qc2 Ba6 21. Rad1 c4 (21... Rcb8 $17 22. Ra1 Qb6) 22. d4 $15 Nf8 23. Kh1 Nh7 24. Rg1 Rcb8 25. Bh3 $1 Ng5 (25... Rb6 $17 {Threatening ...Rb3.} 26. Ra1 Bb7) 26. Nxg5 $1 $11 hxg5 27. Bc1 $1 Nb3 28. Be3 Bxa3 {Hoping for ...Be7.} 29. f4 $2 {[#]} (29. Rdf1 $17) 29... Be7 $2 (29... Nc5 $1 $19 {[%mdl 512]} 30. Ra1 (30. dxc5 Rb2) 30... Rb2) 30. Nf3 {[%cal Bh2f3,Bf3h4,Bh4g6][%mdl 32]} Bb5 (30... a3 $1 $17 {aiming for ...gxf4.} 31. fxg5 Qe8) 31. fxg5 Be8 $2 {[%mdl 8192] [#]} (31... g6 $1 $11) 32. g6 $1 $18 fxg6 33. g5 Ra6 {White must now prevent ...a3.} 34. hxg6 a3 {[#]} (34... Ba3 $142 35. Nh4 Rb7) 35. Nh4 $1 Nxd4 36. Rxd4 a2 37. Qe2 {Qh5 is the strong threat.} a1=Q 38. Qh5 (38. Rxa1 $142 Rxa1+ 39. Kh2) 38... Bxg6 39. Nxg6 {Threatening mate with Rf4.} Qb1 40. Rf4 {[%csl Gg6][%cal Rh5h8] White mates.} Qe4+ 41. Rxe4 dxe4 42. Rf1 {Precision: White = 59%, Black = 33%.} 1-0

[Event "25th Abu Dhabi Master 2018"]
[Site "Abu Dhabi"]
[Date "2018.08.08"]
[Round "2"]
[White "Andersen, Mads"]
[Black "Raghunandan, Kaumandur Srihari"]
[Result "1-0"]
[WhiteElo "2601"]
[BlackElo "2404"]
[Annotator "TA"]
[PlyCount "79"]
[EventDate "2018.08.05"]
[EventType "swiss"]
[EventCountry "UAE"]
[SourceTitle "playchess.com"]
[Source "ChessBase"]
[SourceQuality "1"]

{[%evp 17,79,0,16,17,30,24,58,23,20,12,17,9,22,13,67,45,74,73,87,87,85,62,70,68,75,66,69,65,99,111,84,98,100,83,110,105,114,89,171,162,295,295,763,802,756,769,741,497,595,543,1158,1148,1121,1121,1034,1027,905,614,1909,1812,12846,10887,6070,5611]} 1. d4 Nf6 2. c4 g6 3. Nc3 Bg7 4. e4 d6 5. Nf3 O-O 6. Be2 e5 7. O-O Nc6 8. dxe5 dxe5 9. Bg5 Nd4 {LiveBook: 7 Partien. E97: Königsindisch (Klassisches System)} 10. Nxd4 (10. Nxe5 Ne6 11. Qxd8 Rxd8 12. Nf3 Nxg5 13. Nxg5 Re8 14. Rfe1 h6 15. Nf3 Nxe4 16. Nd5 Bxb2 17. Nxc7 Bxa1 18. Rxa1 {½-½ (47) Kunin,V (2538)-Jones,G (2670) Sandavagur 2018}) 10... exd4 11. Nd5 c6 {Weiß hat minimalen Vorteil.} 12. Nxf6+ $146 ({Vorgänger:} 12. e5 cxd5 13. Qxd4 dxc4 14. Qh4 Re8 15. exf6 Rxe2 16. fxg7 Qc7 17. Rad1 {½-½ (31) Svane,R (2543)-Ochsner,B (2405) Denmark 2016}) 12... Bxf6 13. Bxf6 Qxf6 14. c5 Rd8 15. Bd3 b6 ({Besser ist} 15... Qg5 $11) 16. Rc1 $14 {[%cal Ba1c1,Bc1c6,Bc6b6][%mdl 32]} Be6 17. cxb6 axb6 18. Rxc6 Rxa2 19. Rxb6 Rda8 20. Qd2 Ra1 21. Rc6 Rxf1+ 22. Bxf1 Ra2 23. Ra6 Rxa6 24. Bxa6 Bb3 25. Bd3 Qb6 26. h4 Qc5 27. g3 Kg7 {[#]} (27... h5 $16) 28. Qg5 $1 $18 {[%cal Rg5c5]} Qxg5 (28... Qc7 $142 29. h5 Kg8) 29. hxg5 {[%mdl 4096] Endspiel KL-KL} h6 $2 (29... f6 30. gxf6+ Kxf6) 30. gxh6+ {Weiß steht klar auf Gewinn.} Kxh6 31. Kf1 Kg7 32. Ke2 Kf6 33. Kd2 Ke5 34. f4+ Kd6 35. Bc2 Bc4 36. b3 {[%cal Bb2b3,Bb3b4][%mdl 32]} Bb5 37. Bd3 Bd7 38. Bc4 f6 39. b4 g5 40. Kd3 {Precision: Weiß = 99%, Schwarz = 26%.} 1-0

[Event "25th Abu Dhabi Master 2018"]
[Site "Abu Dhabi"]
[Date "2018.08.08"]
[Round "2"]
[White "Tabatabai, M Amin"]
[Black "Gajwa, Ankit"]
[Result "1/2-1/2"]
[WhiteElo "2590"]
[BlackElo "2223"]
[Annotator "ChessBase"]
[PlyCount "161"]
[EventDate "2018.08.05"]
[EventType "swiss"]
[EventCountry "UAE"]
[SourceTitle "playchess.com"]
[Source "ChessBase"]
[SourceQuality "1"]
[TimeControl "5400+30"]

1. d4 {[%emt 0:00:00]} Nf6 {[%emt 0:00:00]} 2. c4 {[%emt 0:00:00]} g6 {[%emt 0:00:00]} 3. Nc3 {[%emt 0:00:01]} Bg7 {[%emt 0:00:00]} 4. e4 {[%emt 0:00:03]} d6 {[%emt 0:00:00]} 5. h3 {[%emt 0:00:05]} O-O {[%emt 0:00:03]} 6. Be3 {[%emt 0:00:03]} c5 {[%emt 0:00:27]} 7. Nf3 {[%emt 0:00:07]} cxd4 {[%emt 0:00:50]} 8. Nxd4 {[%emt 0:00:06]} b6 {[%emt 0:00:19]} 9. Qd2 {[%emt 0:00:14]} Bb7 {[%emt 0:00:24]} 10. f3 {[%emt 0:00:12]} Nbd7 {[%emt 0:00:55]} 11. O-O-O {[%emt 0:00:13]} a6 {[%emt 0:08:21]} 12. Kb1 {[%emt 0:00:59]} b5 {[%emt 0:09:15]} 13. cxb5 {[%emt 0:03:46]} axb5 {[%emt 0:02:02]} 14. Bxb5 {[%emt 0:00:12]} Ne5 {[%emt 0:01:44]} 15. Qe2 {[%emt 0:15:11]} Qb8 {[%emt 0:15:56]} 16. Rc1 {[%emt 0:05:55]} Rc8 {[%emt 0:03:43]} 17. Rhd1 {[%emt 0:01:52]} d5 {[%emt 0:10:58]} 18. f4 {[%emt 0:03:24]} Nc4 {[%emt 0:07:28]} 19. e5 {[%emt 0:00:45]} Ne8 {[%emt 0:03:31]} 20. Bf2 {[%emt 0:30:27]} Nc7 {[%emt 0:04:45]} 21. Bxc4 {[%emt 0:02:22]} dxc4 {[%emt 0:00:07]} 22. f5 {[%emt 0:01:52]} Nd5 {[%emt 0:11:10]} 23. Bg3 {[%emt 0:19:57]} Qa7 {[%emt 0:03:57]} 24. a3 {[%emt 0:02:54]} Qb6 {[%emt 0:01:40]} 25. Nxd5 {[%emt 0:01:15]} Bxd5 {[%emt 0:00:12]} 26. Rc3 {[%emt 0:00:01]} Rab8 {[%emt 0:03:47]} 27. Bf2 {[%emt 0:02:58]} Be4+ {[%emt 0:02:30]} 28. Ka1 {[%emt 0:00:49]} Bd3 {[%emt 0:01:26]} 29. Rdxd3 {[%emt 0:02:39]} cxd3 {[%emt 0:00:08]} 30. Rxd3 {[%emt 0:00:00]} Bxe5 {[%emt 0:01:32]} 31. Nb3 {[%emt 0:00:16]} Qc7 {[%emt 0:02:23]} 32. fxg6 {[%emt 0:03:46]} hxg6 {[%emt 0:00:10]} 33. Kb1 {[%emt 0:00:05]} Bf6 {[%emt 0:00:51]} 34. Bg3 {[%emt 0:00:16]} e5 {[%emt 0:01:50]} 35. Re3 {[%emt 0:00:31]} Qd7 {[%emt 0:02:13]} 36. Nd2 {[%emt 0:02:06]} Rd8 {[%emt 0:02:17]} 37. Ne4 {[%emt 0:00:17]} Bg7 {[%emt 0:00:24]} 38. Bh4 {[%emt 0:01:25]} Qd1+ {[%emt 0:00:57]} 39. Ka2 {[%emt 0:00:00]} Qd5+ {[%emt 0:00:29]} 40. Kb1 {[%emt 0:00:00]} Qd1+ {[%emt 0:00:30]} 41. Ka2 {[%emt 0:00:00]} Qd5+ {[%emt 0:00:35]} 42. Kb1 {[%emt 0:00:01]} Qd1+ {[%emt 0:00:39]} 43. Ka2 {[%emt 0:00:01]} Qd5+ {[%emt 0:00:14]} 44. Kb1 {[%emt 0:00:01]} Qd1+ {[%emt 0:00:36]} 45. Ka2 {[%emt 0:00:21]} Qd5+ {[%emt 0:00:35]} 46. Kb1 {[%emt 0:00:13]} Qd1+ {[%emt 0:00:30]} 47. Ka2 {[%emt 0:01:55]} Qd5+ {[%emt 0:00:25]} 48. Kb1 {[%emt 0:00:17]} Qd1+ {[%emt 0:00:26]} 49. Ka2 {[%emt 0:00:01]} Qd5+ {[%emt 0:00:16]} 50. b3 {[%emt 0:01:28]} Rd7 {[%emt 0:00:49]} 51. Bf6 {[%emt 0:01:30]} Qd1 {[%emt 0:00:35]} 52. Qxd1 {[%emt 0:01:15]} Rxd1 {[%emt 0:00:05]} 53. a4 {[%emt 0:00:21]} Bxf6 {[%emt 0:00:53]} 54. Nxf6+ {[%emt 0:00:01]} Kg7 {[%emt 0:00:05]} 55. Ng4 {[%emt 0:00:45]} e4 {[%emt 0:00:30]} 56. Rxe4 {[%emt 0:01:01]} f5 {[%emt 0:00:39]} 57. Re7+ {[%emt 0:00:03]} Kf8 {[%emt 0:00:33]} 58. Rh7 {[%emt 0:00:16]} Rb6 {[%emt 0:00:46]} 59. Ne5 {[%emt 0:00:43]} Kg8 {[%emt 0:00:12]} 60. Re7 {[%emt 0:00:49]} Rd2+ 61. Ka3 Rxg2 {[%emt 0:00:41]} 62. a5 {[%emt 0:00:02]} Rf6 {[%emt 0:01:04]} 63. b4 {[%emt 0:01:30]} Rg3+ {[%emt 0:00:35]} 64. Ka4 {[%emt 0:00:01]} f4 {[%emt 0:00:28]} 65. Ng4 {[%emt 0:00:20]} Rd6 {[%emt 0:00:20]} 66. Nh6+ {[%emt 0:00:15]} Kf8 {[%emt 0:00:29]} 67. Rf7+ {[%emt 0:00:01]} Ke8 {[%emt 0:00:06]} 68. Rxf4 {[%emt 0:00:02]} Rxh3 {[%emt 0:00:28]} 69. Nf7 {[%emt 0:00:34]} Rd5 {[%emt 0:00:26]} 70. a6 {[%emt 0:00:55]} Rh1 {[%emt 0:00:56]} 71. b5 {[%emt 0:00:02]} Ra1+ {[%emt 0:00:43]} 72. Kb4 {[%emt 0:00:00]} Ke7 {[%emt 0:00:33]} 73. Kc4 {[%emt 0:03:34]} Rf5 {[%emt 0:00:31]} 74. Rxf5 {[%emt 0:00:31]} gxf5 {[%emt 0:00:04]} 75. Nh6 {[%emt 0:00:54]} Kd6 {[%emt 0:00:57]} 76. Nxf5+ {[%emt 0:00:10]} Kc7 {[%emt 0:00:23]} 77. Ne7 {[%emt 0:00:46]} Rxa6 {[%emt 0:00:32]} 78. Nd5+ {[%emt 0:00:31]} Kb7 {[%emt 0:00:05]} 79. Kc5 {[%emt 0:00:03]} Ra5 {[%emt 0:00:05]} 80. Nb6 {[%emt 0:00:08]} Rxb5+ {[%emt 0:00:06]} 81. Kxb5 {[%emt 0:00:01]} 1/2-1/2

[Event "25th Abu Dhabi Master 2018"]
[Site "Abu Dhabi"]
[Date "2018.08.08"]
[Round "2"]
[White "Jojua, Davit"]
[Black "Muthaiah, Al"]
[Result "1/2-1/2"]
[WhiteElo "2583"]
[BlackElo "2391"]
[Annotator "TA"]
[PlyCount "110"]
[EventDate "2018.08.05"]
[EventType "swiss"]
[EventCountry "UAE"]
[SourceTitle "playchess.com"]
[Source "ChessBase"]
[SourceQuality "1"]

{[%evp 21,110,35,33,13,33,12,46,45,49,58,59,44,53,48,68,46,40,26,35,23,47,26,75,48,76,24,11,31,10,10,15,19,19,10,18,0,0,0,26,20,21,0,43,44,39,45,48,20,70,31,37,21,27,31,65,65,65,65,65,65,65,65,65,65,93,65,65,65,65,65,65,71,77,77,77,20,20,20,20,20,20,20,20,0,0,0,0,0,0,0,0]} 1. d4 d5 2. Bf4 Nf6 3. e3 c5 4. Nf3 Nc6 5. Nbd2 e6 6. c3 Bd6 7. Bg3 O-O 8. Bd3 b6 9. Qe2 {D02: 1 d4 d5 2 Nf3 sidelines, including 2...Nf6 3 g3 and 2...Nf6 3 Bf4} (9. e4 Be7 10. e5 Nh5 11. Nf1 cxd4 12. Nxd4 Nxd4 13. cxd4 g6 14. Ne3 f5 15. exf6 Bxf6 16. Be2 Nxg3 17. hxg3 {½-½ (37) Nakamura,H (2787)-Svidler,P (2760) Moscow 2018}) 9... Bb7 10. Rd1 cxd4 11. exd4 Ne7 {LiveBook: 3 Games} 12. Ne5 Nf5 13. Bf4 Be7 14. O-O Nd6 15. Rfe1 $146 ({Predecessor:} 15. f3 a5 16. g4 Qc8 {½-½ (42) Bakre,T (2456)-Rodgaard,J (2332) Runavik 2017}) 15... a5 16. Qe3 Re8 17. Qh3 g6 18. Ng4 Nxg4 19. Qxg4 Ba6 20. Bb1 Bf8 21. Nf3 Ne4 22. Qh3 Bc8 {[#] Strongly threatening ...e5.} 23. g4 ({White should try} 23. Ne5 $1 $16) 23... f6 $11 24. Nd2 Nd6 25. Qg3 Nf7 26. Nf3 Ra7 27. h4 Bd6 28. Kg2 Rae7 {[#] And now ...e5 would win.} 29. Bxd6 $1 Qxd6 30. Qxd6 Nxd6 31. g5 Kg7 32. gxf6+ Kxf6 33. Ne5 Nf7 34. Rd3 Rf8 35. Rg3 {[%cal Re5g6] Black must now prevent Nxg6!} Nxe5 36. Rxe5 Rg7 37. h5 gxh5 38. Rxh5 Rh8 39. Rh6+ Kf7 40. Kf3 Rxg3+ 41. fxg3 $14 {[%mdl 4096] Endgame KRB-KRB} Kg7 42. Rh4 Rf8+ 43. Rf4 {Rxf8 is the strong threat.} h6 44. Rxf8 Kxf8 {KB-KB} 45. Kf4 Ke7 46. Ke5 Bd7 47. Bd3 b5 48. a4 (48. Be2 $16) 48... bxa4 $11 {The position is equal.} 49. Ba6 Be8 50. Bc8 Bf7 51. Bb7 Be8 52. Bc8 Bf7 $1 53. g4 Bg8 54. Ba6 Bh7 55. Bc8 Bg8 {Precision: White = 47%, Black = 71%.} 1/2-1/2

[Event "25th Abu Dhabi Master 2018"]
[Site "Abu Dhabi"]
[Date "2018.08.08"]
[Round "2"]
[White "Narayanan S L"]
[Black "Krishna Teja, N."]
[Result "1-0"]
[WhiteElo "2574"]
[BlackElo "2389"]
[Annotator "ChessBase"]
[PlyCount "131"]
[EventDate "2018.08.05"]
[EventType "swiss"]
[EventCountry "UAE"]
[SourceTitle "playchess.com"]
[Source "ChessBase"]
[SourceQuality "1"]
[TimeControl "5400+30"]

1. e4 {[%emt 0:00:00]} c6 2. d4 {[%emt 0:00:05]} d5 {[%emt 0:00:40]} 3. e5 {[%emt 0:00:20]} Bf5 {[%emt 0:00:20]} 4. Nf3 {[%emt 0:00:20]} e6 {[%emt 0:00:12]} 5. Be2 {[%emt 0:00:10]} c5 {[%emt 0:00:08]} 6. Be3 {[%emt 0:00:36]} cxd4 {[%emt 0:00:08]} 7. Nxd4 {[%emt 0:00:11]} Ne7 {[%emt 0:00:05]} 8. Nd2 {[%emt 0:00:21]} Nbc6 {[%emt 0:00:11]} 9. N2f3 {[%emt 0:00:39]} Be4 {[%emt 0:00:14]} 10. O-O {[%emt 0:00:34]} Ng6 {[%emt 0:03:57]} 11. Bb5 {[%emt 0:03:55]} Bxf3 {[%emt 0:04:09]} 12. Qxf3 {[%emt 0:05:24]} Qd7 {[%emt 0:04:18]} 13. Qh5 {[%emt 0:38:05]} a6 {[%emt 0:05:35]} 14. Bxc6 {[%emt 0:01:59]} bxc6 {[%emt 0:00:03]} 15. Rad1 {[%emt 0:05:48]} Rb8 {[%emt 0:25:25]} 16. Nb3 {[%emt 0:07:50]} Be7 {[%emt 0:02:44]} 17. f4 {[%emt 0:00:17]} Nh4 {[%emt 0:02:12]} 18. Qe2 {[%emt 0:05:37]} O-O {[%emt 0:08:14]} 19. Nc5 {[%emt 0:02:25]} Qc8 {[%emt 0:01:38]} 20. c3 {[%emt 0:02:40]} a5 {[%emt 0:06:30]} 21. a4 {[%emt 0:00:34]} f5 {[%emt 0:03:08]} 22. Rb1 {[%emt 0:04:05]} Bxc5 {[%emt 0:03:44]} 23. Bxc5 {[%emt 0:00:04]} Rf7 {[%emt 0:00:04]} 24. b4 {[%emt 0:01:58]} Rfb7 {[%emt 0:00:07]} 25. Qc2 {[%emt 0:04:58]} Ra8 {[%emt 0:02:19]} 26. bxa5 {[%emt 0:00:59]} Rxa5 {[%emt 0:01:07]} 27. Bb6 {[%emt 0:00:06]} Ra6 {[%emt 0:02:35]} 28. a5 {[%emt 0:00:56]} Ng6 {[%emt 0:00:08]} 29. Qf2 {[%emt 0:01:53]} Nf8 {[%emt 0:00:50]} 30. Rb4 {[%emt 0:03:55]} Nd7 {[%emt 0:02:28]} 31. Rfb1 {[%emt 0:00:02]} c5 {[%emt 0:03:14]} 32. Rb5 {[%emt 0:00:46]} Qc6 {[%emt 0:00:09]} 33. h3 {[%emt 0:02:02]} Nxb6 {[%emt 0:05:52]} 34. Qxc5 {[%emt 0:00:22]} Qxc5+ {[%emt 0:00:07]} 35. Rxc5 {[%emt 0:00:04]} Kf7 {[%emt 0:00:28]} 36. Rcb5 {[%emt 0:02:52]} Ke7 {[%emt 0:00:09]} 37. g4 {[%emt 0:00:52]} g6 {[%emt 0:00:18]} 38. Kf2 {[%emt 0:00:35]} Kd7 {[%emt 0:00:08]} 39. gxf5 {[%emt 0:01:30]} gxf5 {[%emt 0:00:08]} 40. Kg3 {[%emt 0:00:08]} Rc7 {[%emt 0:04:51]} 41. axb6 {[%emt 0:00:04]} Rxc3+ {[%emt 0:00:05]} 42. Kh4 {[%emt 0:00:03]} Ra8 {[%emt 0:00:26]} 43. b7 {[%emt 0:00:09]} Rb8 {[%emt 0:00:10]} 44. Rb6 {[%emt 0:00:33]} Rc6 {[%emt 0:00:19]} 45. R6b2 {[%emt 0:02:16]} Rc4 {[%emt 0:01:55]} 46. Rb6 {[%emt 0:01:33]} Rc6 {[%emt 0:02:49]} 47. Kg5 {[%emt 0:00:42]} Rxb6 {[%emt 0:05:16]} 48. Rxb6 {[%emt 0:00:04]} Ke7 {[%emt 0:00:22]} 49. Kh6 {[%emt 0:00:35]} d4 {[%emt 0:00:20]} 50. h4 {[%emt 0:00:57]} d3 {[%emt 0:00:06]} 51. Kxh7 {[%emt 0:00:10]} d2 {[%emt 0:00:11]} 52. Rd6 {[%emt 0:00:04]} Rxb7 {[%emt 0:00:25]} 53. Rxd2 {[%emt 0:00:04]} Rb4 {[%emt 0:00:24]} 54. Rf2 {[%emt 0:00:11]} Kf7 {[%emt 0:00:17]} 55. h5 {[%emt 0:00:05]} Rb1 {[%emt 0:01:36]} 56. h6 {[%emt 0:00:55]} Rg1 {[%emt 0:00:22]} 57. Ra2 {[%emt 0:00:14]} Rg4 {[%emt 0:00:24]} 58. Ra4 {[%emt 0:00:13]} Ke7 {[%emt 0:01:44]} 59. Ra7+ {[%emt 0:02:42]} Kf8 {[%emt 0:00:03]} 60. Rg7 {[%emt 0:00:11]} Rxf4 {[%emt 0:00:10]} 61. Rg6 {[%emt 0:00:18]} Rg4 {[%emt 0:03:13]} 62. Rxe6 {[%emt 0:00:04]} Kf7 {[%emt 0:00:09]} 63. Rf6+ {[%emt 0:00:05]} Ke7 {[%emt 0:00:02]} 64. Rg6 {[%emt 0:00:36]} Kf7 {[%emt 0:00:28]} 65. e6+ {[%emt 0:00:27]} Kf8 {[%emt 0:00:47]} 66. Rxg4 {[%emt 0:00:11]} 1-0

[Event "25th Abu Dhabi Master 2018"]
[Site "Abu Dhabi"]
[Date "2018.08.08"]
[Round "2"]
[White "Yuffa, Daniil"]
[Black "Raetsky, Alexander"]
[Result "1/2-1/2"]
[WhiteElo "2570"]
[BlackElo "2380"]
[Annotator "ChessBase"]
[PlyCount "38"]
[EventDate "2018.08.05"]
[EventType "swiss"]
[EventCountry "UAE"]
[SourceTitle "playchess.com"]
[Source "ChessBase"]
[SourceQuality "1"]
[TimeControl "5400+30"]

1. c4 {[%emt 0:00:09]} e5 {[%emt 0:00:00]} 2. g3 {[%emt 0:00:14]} Nf6 {[%emt 0:02:16]} 3. Bg2 {[%emt 0:00:11]} c6 {[%emt 0:00:06]} 4. Nf3 {[%emt 0:00:34]} e4 {[%emt 0:01:53]} 5. Nd4 {[%emt 0:00:04]} d5 {[%emt 0:00:20]} 6. cxd5 {[%emt 0:00:25]} Qb6 {[%emt 0:04:48]} 7. Nc2 {[%emt 0:02:12]} cxd5 {[%emt 0:02:42]} 8. d3 {[%emt 0:01:34]} Be7 {[%emt 0:04:04]} 9. Nc3 {[%emt 0:02:30]} O-O {[%emt 0:02:41]} 10. Be3 {[%emt 0:03:02]} Qa5 {[%emt 0:05:34]} 11. O-O {[%emt 0:00:48]} Rd8 {[%emt 0:00:39]} 12. Nd4 {[%emt 0:07:48]} Nc6 {[%emt 0:05:49]} 13. Qb3 {[%emt 0:17:10]} exd3 {[%emt 0:00:30]} 14. exd3 {[%emt 0:00:30]} Ne5 {[%emt 0:00:30]} 15. Rad1 {[%emt 0:00:30]} Bg4 {[%emt 0:00:30]} 16. f3 {[%emt 0:00:30]} Bd7 {[%emt 0:00:30]} 17. g4 {[%emt 0:00:30]} h6 {[%emt 0:00:30]} 18. h3 {[%emt 0:02:13]} Nc6 {[%emt 0:27:30]} 19. Bf2 {[%emt 0:00:30]} Ne5 {[%emt 0:00:30]} 1/2-1/2

[Event "25th Abu Dhabi Master 2018"]
[Site "Abu Dhabi"]
[Date "2018.08.08"]
[Round "2"]
[White "Firouzja, Alireza"]
[Black "Kathmale, Sameer"]
[Result "1-0"]
[WhiteElo "2561"]
[BlackElo "2367"]
[Annotator "ChessBase"]
[PlyCount "61"]
[EventDate "2018.08.05"]
[EventType "swiss"]
[EventCountry "UAE"]
[SourceTitle "playchess.com"]
[Source "ChessBase"]
[SourceQuality "1"]
[TimeControl "5400+30"]

1. d4 {[%emt 0:00:00]} d5 {[%emt 0:00:00]} 2. Nf3 {[%emt 0:00:00]} Nf6 {[%emt 0:00:03]} 3. c4 {[%emt 0:00:00]} c6 {[%emt 0:00:16]} 4. Nc3 {[%emt 0:00:24]} dxc4 {[%emt 0:01:49]} 5. a4 {[%emt 0:00:08]} Bf5 {[%emt 0:01:51]} 6. Ne5 {[%emt 0:00:08]} e6 {[%emt 0:01:08]} 7. f3 {[%emt 0:00:07]} c5 {[%emt 0:00:56]} 8. e4 {[%emt 0:00:06]} Bg6 {[%emt 0:00:02]} 9. Be3 {[%emt 0:00:07]} cxd4 {[%emt 0:00:57]} 10. Qxd4 {[%emt 0:00:06]} Qxd4 {[%emt 0:00:42]} 11. Bxd4 {[%emt 0:00:07]} a6 {[%emt 0:01:07]} 12. h4 {[%emt 0:07:48]} h6 {[%emt 0:29:26]} 13. Nxg6 {[%emt 0:01:56]} fxg6 {[%emt 0:01:26]} 14. Bxc4 {[%emt 0:00:09]} Nc6 {[%emt 0:00:06]} 15. Be3 {[%emt 0:02:40]} Kf7 {[%emt 0:04:54]} 16. O-O-O {[%emt 0:13:57]} Rc8 {[%emt 0:04:45]} 17. Kb1 {[%emt 0:00:13]} Bb4 {[%emt 0:09:35]} 18. Ne2 {[%emt 0:03:11]} Na5 {[%emt 0:01:58]} 19. Ba2 {[%emt 0:00:14]} Nc4 {[%emt 0:01:02]} 20. Bc1 {[%emt 0:00:20]} Be7 {[%emt 0:10:39]} 21. Nf4 {[%emt 0:05:48]} Rhd8 {[%emt 0:07:59]} 22. Rxd8 {[%emt 0:01:19]} Bxd8 {[%emt 0:00:02]} 23. Rd1 {[%emt 0:01:43]} Be7 {[%emt 0:07:56]} 24. a5 {[%emt 0:03:27]} e5 {[%emt 0:04:07]} 25. Nd3 {[%emt 0:02:29]} Nd7 {[%emt 0:01:00]} 26. Nc5 {[%emt 0:16:39]} Nxc5 {[%emt 0:01:47]} 27. Bxc4+ {[%emt 0:00:09]} Ke8 {[%emt 0:04:05]} 28. Bd5 {[%emt 0:05:52]} b6 {[%emt 0:00:54]} 29. axb6 {[%emt 0:00:22]} Rb8 {[%emt 0:00:11]} 30. Be3 {[%emt 0:00:18]} Rxb6 {[%emt 0:03:38]} 31. Rc1 {[%emt 0:00:07]} 1-0

[Event "25th Abu Dhabi Master 2018"]
[Site "Abu Dhabi"]
[Date "2018.08.08"]
[Round "2"]
[White "Abdusattorov, Nodirbek"]
[Black "Rathanvel, VS."]
[Result "1/2-1/2"]
[WhiteElo "2539"]
[BlackElo "2348"]
[Annotator "TA"]
[PlyCount "103"]
[EventDate "2018.08.05"]
[EventType "swiss"]
[EventCountry "UAE"]
[SourceTitle "playchess.com"]
[Source "ChessBase"]
[SourceQuality "1"]

{[%evp 20,103,43,54,46,41,59,0,12,15,12,7,9,8,0,7,18,0,0,0,22,14,43,0,2,0,0,0,0,0,42,0,0,-100,-140,-132,-104,-257,-247,-246,-220,-245,-232,-239,-197,-218,-206,-258,-204,-224,-63,-60,-60,-60,-60,-62,-60,-61,-60,-62,-62,-65,-23,-23,-23,-23,-23,-23,-20,-21,-21,-21,-20,-20,-20,-20,-20,-20,-20,-21,0,-20,0,-21,0,-20]} 1. e4 c5 2. Nf3 d6 3. d4 cxd4 4. Nxd4 Nf6 5. Nc3 a6 6. h3 e6 7. g4 h6 8. Bg2 g5 9. b3 {B81: Sizilianisch (Keres-Angriff)} (9. Be3 Nbd7 10. Qe2 Ne5 11. O-O-O Nfd7 12. h4 Rg8 13. hxg5 hxg5 14. Kb1 b5 15. a3 Bb7 16. Bc1 Rc8 {0-1 (48) Dominguez Perez,L (2739)-Kasparov,G (2812) Saint Louis 2017}) 9... Nbd7 10. Bb2 Ne5 11. Qd2 {LiveBook: 13 Partien. Weiß steht etwas besser.} b5 12. f4 gxf4 13. Qxf4 (13. Nce2 $14) 13... Bb7 14. O-O-O Nfd7 15. Kb1 {[#]} Rg8 $146 ({Vorgänger:} 15... Qc7 16. Rhf1 O-O-O {½-½ (29) Predojevic,B (2624)-Volokitin,A (2661) Vrnjacka Banja 2010}) 16. Rhf1 h5 {[%cal Rh5g4]} 17. Nf3 {Schwarz muss nun Sxe5 beachten.} Ng6 18. Qh2 hxg4 $1 19. hxg4 Nge5 20. g5 {und nun wäre Sxe5 stark für Weiss.} Qc7 21. Qf4 Rc8 22. Rd2 Ng6 23. Qe3 Qc5 $36 {[%mdl 2048] Schwarz drückt.} 24. Qe1 Nge5 25. Nxe5 Nxe5 26. Bh3 (26. Ne2 $11) 26... Rxg5 $17 27. Rdf2 {beabsichtigt Lxe6!} Be7 {Und weiter mit ...Tg3 wäre nett.} 28. Nd5 $2 (28. Rh2 $17) 28... exd5 $19 29. Bxc8 Bxc8 30. exd5 Qxd5 31. Rd2 Qe6 32. Re2 Bb7 33. Qh4 Qg4 34. Qf2 Qg2 $2 {[#]} (34... Qf3 $19 {...Dxf2 ist eine echte Drohung.} 35. Bxe5 Qxf2 36. Rexf2 dxe5 37. Rxf7 Be4) 35. Rxe5 $1 $15 {[%mdl 512]} Qxf2 {[#]} (35... dxe5 36. Qxf7+) 36. Rxe7+ $1 {[%mdl 512]} Kxe7 37. Rxf2 {[%mdl 4096] Endspiel KTL-KTL} Rg1+ 38. Bc1 Be4 39. Kb2 f5 40. Bf4 Rg2 41. Rxg2 Bxg2 $11 {KL-KL} 42. c4 bxc4 43. bxc4 d5 44. cxd5 {Die Stellung ist ausgeglichen.} Bxd5 45. a3 Kd7 46. Kc3 Kc6 47. Kd4 Be4 48. Ke3 Kd5 49. Bh6 Kc6 50. Bf4 Kd5 51. Bh6 Kc6 52. Bf4 {Precision: Weiß = 56%, Schwarz = 45%.} 1/2-1/2